| 000 | 00903nam a22002537a 4500 | ||
|---|---|---|---|
| 003 | OSt | ||
| 005 | 20220924113657.0 | ||
| 006 | a|||||r|||| 00| 0 | ||
| 007 | ta | ||
| 008 | 220923b |||||||| |||| 00| 0 hin d | ||
| 024 | _a197823 | ||
| 037 | _cGeneral Books | ||
| 040 |
_aARTS _cARTS _bhin |
||
| 041 |
_2hin _ahin |
||
| 082 | _aO152,2M63,25, J3 | ||
| 100 |
_aराय, द्व्जिेन्दूलाल _911562 |
||
| 245 | 0 | _aचन्द्रगुप्त, अनु0 रूपनारायण पाण्डेय | |
| 246 | _aChandragupta, anu0 rūpanārāyaṇ pāṇḍeya | ||
| 250 | _aसंस्क0 1 | ||
| 260 |
_aलखनऊ, _bराष्ट्रीय प्रकाशन _c1953 |
||
| 300 | _a141 पृ0 | ||
| 942 |
_hO152,2M63,25, J3 _cGB _2CC |
||
| 999 |
_c390432 _d390432 |
||